| 000 | 01329nam a2200361 a 4500 | ||
|---|---|---|---|
| 001 | 000013715 | ||
| 003 | DO-SdBNP | ||
| 005 | 20170925093554.0 | ||
| 007 | 000013715 | ||
| 008 | 091127s1987 dr 000 0 spa d | ||
| 020 | _a8489525307 | ||
| 040 |
_aBPMSU _bspa _cBPMSU |
||
| 082 |
_a378.198097293 _bM542u |
||
| 092 | _a | ||
| 100 | 1 | _aMenéndez Alarcón, Antonio B. | |
| 245 | 1 | 3 |
_aEl universitario dominicano : _bencuesta sobre actitudes, costumbres y expectativas / _cAntonio B. Menéndez Alarcón ; prólogo José Alcántara Almánzar. |
| 260 |
_aSanto Domingo : _bINTEC, _c1987. |
||
| 300 |
_a166 p. ; _c24 cm. |
||
| 500 | _aIncluye índice de tablas | ||
| 504 | _aBibliografía : p. 159-161 | ||
| 650 | 4 |
_aESTUDIANTES UNIVERSITARIOS _zREPÚBLICA DOMINICANA |
|
| 650 | 4 |
_aESTUDIANTES UNIVERSITARIOS _xASPECTOS SOCIALES |
|
| 650 | 4 |
_aESTUDIANTES UNIVERSITARIOS _xASPECTOS ECONÓMICOS |
|
| 650 | 4 |
_aESTUDIANTES UNIVERSITARIOS _xASPECTOS MORALES |
|
| 650 | 4 |
_aESTUDIANTES UNIVERSITARIOS _xACTIVIDADES POLÍTICAS |
|
| 650 | 4 | _aENCUESTAS EDUCATIVAS | |
| 700 | 1 | 2 |
_aAlcántara Almánzar, José, _epról. |
| 710 | 2 | _aInstituto Tecnológico de Santo Domingo | |
| 910 | _aValidado. Control de calidad MFF | ||
| 942 |
_2ddc _cBK |
||
| 945 | _aInventariado/ 2017 VM | ||
| 956 |
_aVMATEO _b10 _c20150811 _lBPMSU _h00151 |
||
| 999 |
_c8170 _d8170 |
||